Básne 2010 zborník

Bibliographic Details
Main Authors: Lacko, Marcel, 1977- (Author), Boleková, Martina, 1978- (Author), Pariláková, Eva, 1976- (Author), Čechová, Milada (Author), Hriadelová, Beta, 1973- (Author), Kaščáková, Silvia, 1976- (Author), Jarábková-Chabadová, Eva, 1947- (Author), Mikušiak, Marek, 1986- (Author), Mucha, Martin, 1965- (Author), Rášo, Tomáš, 1985- (Author)
Corporate Author: Básne Slovensko
Format: Conference Proceeding Book
Language:Slovak
PhysicalDescription:149 s. fotogr. 15 cm
Published: Levice Koloman Kertész Bagala Literárny klub 2011
ISBN:9788081080326 (brož.)
Edition:1. vyd.
Series:Literárny pluk
Subjects:

MARC

LEADER 00000cam a2200000 a 4500
001 vtls010304949
003 SK-MaSNL
005 20260301225651.0
008 170706s2011 xo o g 000 pdslo
015 |a SNBA2016/08 
020 |a 9788081080326 (brož.) 
035 |a FB17576B-D9D1-4AC7-AB13-B6F46B47798E 
035 |a urn:nbn:sk:snk-amlohf 
035 |a urn:nbn:sk:snk-am00bxh8 
040 |a SNK  |b slo  |c SNK  |e AACR2 
041 0 |a slo 
044 |a xo  |c SK 
072 7 |a 821.162.4-1  |x Slovenská poézia  |2 konspekt 
080 |a 821.162.4-1  |2 2011 
080 |a 82:06.063  |2 2001 
080 |a (082)  |2 2011 
111 2 |a Básne  |n (2. :  |d 2010 :  |c Slovensko)  |9 619548 
245 1 0 |a Básne 2010  |b zborník  |c [text: Marcel Lacko ... [et al.]] 
250 |a 1. vyd. 
260 |a Levice  |b Koloman Kertész Bagala  |b Literárny klub  |c 2011 
300 |a 149 s.  |b fotogr.  |c 15 cm 
490 1 |a Literárny pluk 
500 |a Biogr. údaje 
650 0 7 |a slovenská poézia  |2 SNKPH  |9 215422 
650 0 7 |a literárne súťaže  |2 SNKPH  |9 4275 
650 0 7 |a Slovak poetry  |2 SNKPHeng  |9 309303 
650 0 7 |a Literary competitions  |2 SNKPHeng  |9 302809 
655 7 |a zborníky  |2 SNKPH  |9 70165 
655 7 |a Miscellanea  |2 SNKPHeng  |9 265155 
700 1 |a Lacko, Marcel,  |d 1977-  |4 aut  |9 52167 
700 1 |a Boleková, Martina,  |d 1978-  |4 aut  |9 40766 
700 1 |a Pariláková, Eva,  |d 1976-  |4 aut  |9 112713 
700 1 |a Čechová, Milada  |4 aut  |9 619549 
700 1 |a Hriadelová, Beta,  |d 1973-  |4 aut  |9 52168 
700 1 |a Kaščáková, Silvia,  |d 1976-  |4 aut  |9 103421 
700 1 |a Jarábková-Chabadová, Eva,  |d 1947-  |4 aut  |9 55922 
700 1 |a Mikušiak, Marek,  |d 1986-  |4 aut  |9 52169 
700 1 |a Mucha, Martin,  |d 1965-  |4 aut  |9 52238 
700 1 |a Rášo, Tomáš,  |d 1985-  |4 aut  |9 52239 
830 0 |a Literárny pluk  |9 331690 
919 |a 978-80-8108-032-6 
958 |a LX 
999 |c 951761  |d 953691 
952 |a SNK  |b SNK  |y PREZ  |7 0  |p 17A1125152  |o snkSE 13204  |i snk2016/18503  |8 3  |g 4.51  |0 0  |1 0  |4 0  |d 2016-08-03  |f 1  |l 0  |r 2026-02-24 09:51:28  |w 2026-02-24 
952 |a SNK  |b SNK  |y VYP  |7 0  |p 17A1125153  |o snkSE 13204 D1  |i snk2016/18504  |8 3  |g 4.51  |0 0  |1 0  |4 0  |d 2016-08-03  |l 0  |r 2026-02-24 09:51:28  |w 2026-02-24